Pokémon - Attacken von Groink in KA/PU - Statistiken

Allgemein
  • Dieses Quiz wurde 2 mal gespielt
  • Das Durchschnittsergebnis liegt bei 33 aus 87
Antwortstatistiken
Antwort % Korrekt
Bodycheck
100%
Bodyslam
100%
Dampfwalze
100%
Delegator
100%
Eissturm
100%
Erholung
100%
Hyperstrahl
100%
Kalte Dusche
100%
Konfusion
100%
Lehmschelle
100%
Lehmschuss
100%
Lichtschild
100%
Psychokinese
100%
Psychoschock
100%
Psystrahl
100%
Raub
100%
Reflektor
100%
Schutzschild
100%
Spukball
100%
Tera-Ausbruch
100%
Wegbereiter
100%
Zen-Kopfstoß
100%
Bizarroraum
50%
Donnerschlag
50%
Donnerwelle
50%
Eishieb
50%
Energieball
50%
Erdkräfte
50%
Fähigkeitstausch
50%
Fassade
50%
Feuerschlag
50%
Fokusstoß
50%
Fußkick
50%
Gigastoß
50%
Juwelenkraft
50%
Konfusstrahl
50%
Psychofeld
50%
Psycho-Plus
50%
Schlafrede
50%
Schnarcher
50%
Seher
50%
Sprungfeder
50%
Taumeltanz
50%
Ableithieb
0%
Amnesie
0%
Anfallen
0%
Aufruhr
0%
Ausdauer
0%
Begrenzer
0%
Body Press
0%
Durchbruch
0%
Flächenmacht
0%
Fruststampfer
0%
Fußtritt
0%
Gedankengut
0%
Gegenstoß
0%
Heuler
0%
Kraftvorrat
0%
Ladestrahl
0%
Lichtkanone
0%
Metronom
0%
Nachtnebel
0%
Notsituation
0%
Platscher
0%
Power-Punch
0%
Psycholärm
0%
Ränkeschmied
0%
Rechte Hand
0%
Regentanz
0%
Rülpser
0%
Samenbomben
0%
Schallwelle
0%
Schaufler
0%
Schleuder
0%
Schneelandschaft
0%
Sondersensor
0%
Sonnentag
0%
Spiegelcape
0%
Standpauke
0%
Sternschauer
0%
Strauchler
0%
Trickbetrug
0%
Verhöhner
0%
Wankelstrahl
0%
Wirbelwind
0%
Zauberschein
0%
Zugabe
0%
Keine übereinstimmenden Quizze gefunden
Verteilung der Resultate
Anzahl Personen mit jedem Resultat
Perzentil nach korrekt beantworteten Fragen
Ihre Resultats-Entwicklung
Sie haben dieses Quiz noch nicht gespielt